书目信息 |
| 题名: |
间架结构九十二法设计解读
|
|
| 作者: | 陈楠 著 | |
| 分册: | ||
| 出版信息: | 武汉 湖北美术出版社 2018 |
|
| 页数: | 207页 | |
| 开本: | 26cm | |
| 丛书名: | ||
| 单 册: | ||
| 中图分类: | J292.112.6 | |
| 科图分类: | ||
| 主题词: | 楷书--书法--研究--中国--清代 | |
| 电子资源: | ||
| ISBN: | 978-7-5394-9779-2 | |
| 000 | 01065nam0 2200253 450 | |
| 001 | 012001012138 | |
| 005 | 20140103175112.0 | |
| 010 | @a978-7-5394-9779-2@dCNY68.00 | |
| 100 | @a20190109d2018 em y0chiy50 ea | |
| 101 | 0 | @achi |
| 102 | @aCN@b420000 | |
| 105 | @aa z 000yy | |
| 106 | @ar | |
| 200 | 1 | @a间架结构九十二法设计解读@9jian jia jie gou jiu shi er fa she ji jie du@f陈楠著 |
| 210 | @a武汉@c湖北美术出版社@d2018 | |
| 215 | @a207页@c图@d26cm | |
| 305 | @a由著作权人授权出版 | |
| 314 | @a陈楠,清华大学美术学院博士生导师,中国古文字艺术研究中心常务副主任、视觉传达设计系副主任、设计学博士,致力于中国传统文化与当代设计的融合,首倡“格律设计论”,提出“格物致知行合一”的设计理念,推动设计哲学和研究型设计教学与实践。 | |
| 330 | @a本书试图对黄自元所书的《间架结构摘要九十二法》进行设计角度的解读,并通过现代平面设计与信息可视化设计,将其呈现给社会各界。 | |
| 606 | 0 | @a楷书@x书法@x研究@y中国@z清代 |
| 690 | @aJ292.112.6@v5 | |
| 701 | 0 | @a陈楠@9chen nan@f(1972-)@4著 |
| 801 | 0 | @aCN@b上海新华@c20191020 |
| 905 | @b1139495-8@dJ292.112.6@e643@f4 | |
| 间架结构九十二法设计解读/陈楠著.-武汉:湖北美术出版社,2018 |
| 207页:图;26cm |
| ISBN 978-7-5394-9779-2:CNY68.00 |
| 本书试图对黄自元所书的《间架结构摘要九十二法》进行设计角度的解读,并通过现代平面设计与信息可视化设计,将其呈现给社会各界。 |
| ● |
| 相关链接 |
|
|
|
|
正题名:间架结构九十二法设计解读
索取号:J292.112.6/643
 
预约/预借
| 序号 | 登录号 | 条形码 | 馆藏地/架位号 | 状态 | 备注 |
| 1 | 1139495 | 211394953 | 第一样本阅览室/ [索取号:J292.112.6/643] | 在馆 | |
| 2 | 1139496 | 211394962 | 第一借阅区/ [索取号:J292.112.6/643] | 在馆 | |
| 3 | 1139497 | 211394971 | 第一借阅区/ [索取号:J292.112.6/643] | 在馆 | |
| 4 | 1139498 | 211394980 | 第一借阅区/ [索取号:J292.112.6/643] | 在馆 |